Alegorías de la libertad / (Record no. 22905)

000 -CABECERA
fixed length control field 01532nam a22002657i 4500
003 - IDENTIFICADOR DEL NÚMERO DE CONTROL
control field AR-CdUCM
008 - DATOS DE LONGITUD FIJA--INFORMACIÓN GENERAL
fixed length control field 240521b20222022 pe||||| |||| 00| 0 spa d
020 ## - NÚMERO INTERNACIONAL ESTÁNDAR DEL LIBRO
ISBN 978-612-49070-8-1
040 ## - FUENTE DE LA CATALOGACIÓN
Agencia/entidad que catalogó originalmente la obra MUNICIPALIDAD PROVINCIAL DEL CUSCO
Entidad que transcribió la catalogación BIBLIOTECA MUNICIPAL DEL CUSCO
082 ## - NÚMERO DE LA CLASIFICACIÓN DECIMAL DEWEY
No. de Clasificación 985.04 / D25
Notacion interna D25
100 ## - ENTRADA PRINCIPAL--NOMBRE DE PERSONA
Nombre Personal Dargent Chamot, Eduardo.
245 ## - MENCIÓN DE TÍTULO
Título Alegorías de la libertad /
260 ## - PUBLICACIÓN, DISTRIBUCIÓN, ETC.
Lugar de publicación, distribución, etc. Lima :
Nombre de la editorial, distribuidor, etc. Ministerio de Cultura del Perú,
-- Proyecto Especial Bicentenario de la Independencia del Perú,
Fecha de publicación, distribución, etc. 2022
300 ## - DESCRIPCIÓN FÍSICA
Nº de Páginas Extensión 100 páginas. :
Dimensiones 20 cm.
500 ## - NOTA GENERAL
Bibliografía Bibliografía: páginas 95 - 98
505 ## - NOTA DE CONTENIDO CON FORMATO
Nota de contenido formateada Las banderas -- Los elementos locales -- El sol en el escudo provisional -- El sol en las medallas -- La medalla del Cusco a Bolívar -- La Orden del Sol -- "Perú libre": La primera moneda de plata -- Los Quartos y Octavo de peso -- La batalla de Pasco -- El ejército Libertador y la armada libertadora -- La fauna local: cóndor y vicuña -- Los andes -- El gorro de la libertad -- Los arboles de la libertad -- La república o la patria -- Las fases -- La constitución y la balanza -- Triángulos y columnas -- José Gil de Castro, el pintor de los libertadores
650 ## - PUNTO DE ACCESO ADICIONAL DE MATERIA--TÉRMINO DE MATERIA
Descriptor Las banderas
9 (RLIN) 49879
650 ## - PUNTO DE ACCESO ADICIONAL DE MATERIA--TÉRMINO DE MATERIA
Descriptor El sol en el escudo provisional
9 (RLIN) 49880
650 ## - PUNTO DE ACCESO ADICIONAL DE MATERIA--TÉRMINO DE MATERIA
Descriptor La Orden del Sol
9 (RLIN) 49881
650 ## - PUNTO DE ACCESO ADICIONAL DE MATERIA--TÉRMINO DE MATERIA
Descriptor "Perú libre": La primera moneda de plata
9 (RLIN) 49882
650 ## - PUNTO DE ACCESO ADICIONAL DE MATERIA--TÉRMINO DE MATERIA
Descriptor Los Quartos y Octavo de peso
9 (RLIN) 49883
856 ## - LOCALIZACIÓN Y ACCESO ELECTRÓNICOS
Dirección electrónica www.bicentenario.gob.pe/biblioteca
942 ## - ELEMENTOS DE PUNTO DE ACCESO ADICIONAL (KOHA)
Fuente de clasificación
Tipo de item Libros-BMC
945 ## - PROCESAMIENTO DE INFORMACIÓN LOCAL (OCLC)
Catalogador pbj
AAAA-MM-DD - Fecha de ingreso o modificacion 2024-05-21
Holdings
Estado de retiro (separado) Fuente de clasificación o esquema de estanterías Estado dañado Ubicación Sala donde se ubica Nombre de la colección Fecha de adquisición o compra Fuente de adquisición Costo, precio normal en soles Signatura topográfica Código de Barras Última vez visto (Koha) Tipo de ítem (Koha)
No     Sala Hemeroteca Sala Humanidades Book Cart 2024-05-21 Depósito Legal 20.00 985.04 / D25 SH0000016742 2024-05-21 Libros-BMC

Powered by Koha